000 00418nam a2200133Ia 4500
008 151001s9999||||xx |||||||||||||| ||und||
100 _aरा के लेले
245 _aमराठी वृत्तपत्रांचा इतिहास
250 _a1
260 _bकॉन्टिनेन्टल प्रका. पुणे
260 _c1984
300 _a1165
365 _b22
999 _c971499
_d971496